La fideiussione reciproca. Contributo allo studio delle obbligazioni solidali

Bewaard in:
Bibliografische gegevens
Hoofdauteur: Cantarella, Eva (Auteur)
Formaat: Boek
Taal:Italiaans
Gepubliceerd in: Milán Dott. A. Giuffrè 1965
Reeks:Pubblicazioni della Facoltà di Giurisprudenza, 5
Onderwerpen:
Tags: Voeg label toe
Geen labels, Wees de eerste die dit record labelt!

MARC

LEADER 00000nam a2200000 a 4500
001 UCR1266
003 CL-VaPUC
008 971212e19650000IT |||||||||||||||||ita|d
082 0 4 |a 340.53  |b CAN  |2 21 
100 0 |a Cantarella, Eva  |e author  |9 398324 
245 1 3 |a La fideiussione reciproca. Contributo allo studio delle obbligazioni solidali 
300 |a 180 p 
942 |c BK 
945 |d 19971212 00:00:00  |a aolguin 
260 |a Milán  |b Dott. A. Giuffrè  |c 1965 
650 0 |a Derecho griego  |9 324043 
650 7 |a DERECHO EGIPCIO  |2 CL-VaPUC  |9 394944 
650 7 |a INFLUENCIA  |2 CL-VaPUC  |9 395832 
650 0 |a Derecho romano  |9 255930 
650 0 |a Derecho justiniano  |9 397596 
650 0 |a Obligaciones solidarias  |9 385807 
650 7 |a MUTUO  |2 CL-VaPUC  |9 397821 
650 0 |a Fiducia  |9 257745 
650 0 |a Historia  |9 255047 
650 0 |a Fuentes de las obligaciones   |9 385043 
583 |a last modification  |c 19971212 00:00:00  |k Rodrigo Vera 
490 0 |a Pubblicazioni della Facoltà di Giurisprudenza, 5 
999 |c 264741  |d 264739 
952 |0 0  |1 0  |4 0  |6 340_530000000000000_CAN_1965  |7 0  |8 DER_ROM  |9 295148  |a BIBDER  |b BIBDER  |d 2019-11-19  |i 1918591  |l 1  |o 340.53 CAN 1965  |p 1918591  |r 2023-01-25  |s 2020-03-19  |w 2019-11-19  |x Ubicación 4to piso  |y BK  |z Este recurso debe solicitarse con anticipación  |k DER